000 01296nam a2200337 4500
003 OSt
005 20260530113852.0
008 260420b1986 mx a|||| |||| 00| 0 spa d
020 _a9688378798
040 _aICI
_bspa
_cICI
050 _aT173.8
_bA77
245 0 0 _aArticulación Tecnológica y Productiva /
_cMarisol Pérez Lizaur, Arturo Castanos, José Antonio Esteva, compiladores ; Mario Waissbluth, ed.
264 1 _bUNAM, Centro para la Innovación Tecnológica,
_c1986
_aMéxico :
300 _a217 páginas
_c22.9 cm.
336 _atexto
_2rdacontent
337 _asin medio
_2rdamedia
338 _avolumen
_2rdacarrier
490 0 _aLecturas sobre desarrollo tecnológico
650 4 _aCiencia
_zMéxico
_931355
650 4 _aCiencia e industria
_931356
650 4 _aCiencia
_zAmérica Latina
_931357
650 4 _aInnovaciones tecnológicas
_931358
651 4 _aMéxico
_xIndustrias
651 4 _aAmérica Latina
_xIndustrias
_931359
700 1 _aWaissbluth, Mario,
_eeditor
_931360
700 1 _aCastaños, Arturo,
_eompilador
_931361
700 1 _aEsteva, José Antonio,
_ecompilador
_931362
700 1 _aPérez Lizaur, Marisol,
_ecompilador
_931363
710 2 _aUniversidad Nacional Autónoma de México.
_cCentro para la Innovación Tecnológica
_931364
942 _2lcc
_cBK
999 _c11499
_d11499